000
00313nam a2200133Ia 4500
008
210312s9999||||xx |||||||||||||| ||und||
041
_a
osm
050
_a
K85
050
_b
G35.H36
100
_a
Galanti, (Bodrumlu) Avram
245
0
_a
Hamurabi kanunu
260
_c
1925
650
_a
Hukuk--Tarihsel çalışmalar
999
_c
21930
_d
21930